00520nam a2200193 a 4500001001300000003000900013005001700022008004100039020002300080082001500103100001900118245004900137260003800186300000900224500003500233505002300268650001600291700001900307nice12345678IN_TiNIC20260116014526.0100924s2009 dela grp 000 0 eng  a9788184551846c80000a305.8bDEV aDevi, K Ranjna aSocial Work, Psychology & Welfare Management aDelhi bOmega Publications c2009 a280p aincludes index and biblioraphy2 aBibliography,Index aSocial Work1 aDevi, K Ranjna